Ameryka Północna czy Ameryka Południowa? - Statystyki

Ogólne statystyki
  • Ten quiz został rozwiązany 1 657 razy
    1 610 od ostatniego zresetowania
  • Średni wynik to 6 z 10
Statystyki odpowiedzi
Zagadnienie Odpowiedź % Poprawnych
Na którym kontynencie płynie rzeka "Amazonka"? Ameryce Południowej czy Ameryce Północnej? Ameryce Południowej!
88%
Na którym kontynencie leży Gujana Francuska? Ameryce Południowej czy Ameryce Północnej? Ameryce Południowej!
86%
Na którym kontynencie znajduje się wyspa Wiktorii? Ameryce Południowej czy Ameryce Północnej? Ameryce Północnej!
76%
Który kontynent ma większą powierzchnię? Ameryka Południowa czy Ameryka Północna? Ameryka Północna!
72%
Na którym kontynencie mieszka więcej katolików? Ameryce Południowej czy Ameryce Północnej? Ameryce Południowej!
66%
Który szczyt jest wyższy? Aconcagua Ameryki Południowej czy Denali (McKinley) Ameryki Północnej? Aconcagua Ameryki Południowej!
65%
Na którym kontynencie leży dłuższe pasmo górskie? Ameryce Południowej czy Ameryce Północnej? Ameryce Południowej!
64%
Na którym kontynencie leży więcej niepodległych państw? Ameryce Południowej czy Ameryce Północnej? Ameryce Północnej!
55%
Na którym kontynencie mieszka większy odsetek ludności świata? Ameryce Południowej czy Ameryce Północnej? Ameryce Południowej!
35%
Który wodospad jest większy? Salto Angel Ameryki Południowej czy Niagara Ameryki Północnej? Salto Angel Ameryki Południowej!
16%
Nie znaleziono quizów pasujących do podanych kryteriów
Rozkład punktacji
Procent ludzi z każdym wynikiem
Percentyl według liczby udzielonych odpowiedzi
Twoja historia wyników
Nie rozwiązałeś tego quizu od ostatniego zresetowania